000 00395nam a22001577a 4500
003 CEME
005 20210628204121.0
008 210106b xxu||||| |||| 00| 0 eng d
040 _cceme
082 _a629.893 NIC
100 _aNicolas, Mollet
_968820
245 _aRemote and telerobotics advances in telerobotics
260 _aNEW YORK
_bPDF
_c2007
300 _aXIX, 500P
942 _cBK
_2ddc
999 _c576279
_d576279